| 000 | 01101nam a22003135a 4500 | ||
|---|---|---|---|
| 999 |
_c12581 _d12581 |
||
| 005 | 20190226143135.0 | ||
| 006 | m||||fq||z 00| 0 | ||
| 008 | 090813t2008 nyua frb 001 0 eng d | ||
| 020 | _a9780071266314 | ||
| 020 | _a0071266313 | ||
| 040 |
_aEG-ScBUE _beng _cEG-ScBUE _dEG-ScBUE |
||
| 082 | 0 | 4 |
_a621.402 _bCEN _222 |
| 100 | 1 |
_aCengel, Yunus A. _98442 |
|
| 245 | 1 | 0 |
_aFundamentals of thermal-fluid sciences / _cYunus A. Cengel, Robert H. Turner, John M. Cimbala. |
| 250 | _a3rd ed. in SI Units. | ||
| 260 |
_aNew York : _bMcGraw-Hill Higher Education, _cc.2008. |
||
| 300 |
_axxv, 1055 p. : _bill. ; _c27 cm. + _e1 CD-ROM (4 3/4 in.) |
||
| 490 | _aMcGraw-Hill series in mechanical engineering | ||
| 504 | _aIncludes bibliographical references and index. | ||
| 650 | 7 |
_aHeat engineering _2BUEsh _912963 |
|
| 650 | 7 |
_aThermodynamics. _2BUEsh _98443 |
|
| 650 | 7 |
_aHeat _xTransmission. _2BUEsh _98444 |
|
| 650 | 7 |
_aFluid mechanics. _2BUEsh _98445 |
|
| 651 | _2BUEsh | ||
| 653 |
_bENGMEC _cFebruary2019 |
||
| 700 | 1 |
_aTurner, Robert H. _98446 |
|
| 700 | 1 |
_aCimbala, John M. _98447 |
|
| 942 | _2ddc | ||